| 000 | 00621cam a2200217 4500 | ||
|---|---|---|---|
| 001 | M95449 | ||
| 008 | 090401t1998 xxu||||| |||| 00| 0 eng d | ||
| 035 | _a(Sirsi) u90108 | ||
| 041 | _aeng | ||
| 050 |
_a346.4103 _c18 |
||
| 110 |
_aRoyal Institution of Chartered Surveyors _94900 |
||
| 245 |
_aRisks and precautions _byour liabilities as a chartered surveyor. |
||
| 260 |
_aLondon _bRICS _c1998 |
||
| 300 |
_a4p. _c30cm. |
||
| 350 | _a0 | ||
| 650 | _aSURVEYORS' LIABILITIES | ||
| 650 | _aPROFESSIONAL CONDUCT | ||
| 690 | _aMANAGEMENT-BUSINESS MANAGEMENT-PROFESSIONAL PRACTICE | ||
| 942 | _n0 | ||
| 948 | _c02/12/1998 | ||
| 999 |
_c97533 _d97533 |
||